000 00360 a2200157 4500
001 149982
040 _cEscola São Tomás de Aquino
100 _aPEREIRA, André
240 1 0 _aNós e os índios
_lpor
245 1 0 _aNós e os índios
300 _a40
362 0 _a2000
440 1 _aModerna
697 _aFolclore / Adivinhações / Lendas
942 _cBK
999 _c149982
_d149982